|
|
|
|
| LEADER |
01229nam a2200289 a 4500 |
| 001 |
GR-Patra19481 |
| 003 |
GR-PaULI |
| 005 |
20230519133222.0 |
| 008 |
060523s2000 gr g 000 0 gre d |
| 020 |
|
|
|a 0201354160
|
| 040 |
|
|
|a GrPaTEI
|b gre
|c GR-PaULI
|
| 040 |
|
|
|a GrPaTEI
|b gre
|c GR-PaULI
|
| 082 |
|
0 |
|a 006.7869
|2 21
|
| 100 |
1 |
|
|a Gross, Phil
|
| 245 |
1 |
2 |
|a Ο εγκεκριμένος εκπαιδευτικός οδηγός macromedia director 7 and lingo /
|c Phil Gross ; Απόδοση: Γιάννης Β. Σαμαράς.
|
| 260 |
|
|
|a Αθήνα :
|b Μ. Γκιούρδας,
|c 2000
|
| 300 |
|
|
|a xiv, 764 σ.: εικ.
|
| 500 |
|
|
|a Τίτλος πρωτοτύπου: Director 7 and Lingo authorized
|
| 650 |
|
0 |
|a Director 7
|
| 650 |
|
0 |
|a Interactive multimedia
|
| 650 |
|
0 |
|a Lingo
|
| 650 |
|
4 |
|a Ηλεκτρονικοί υπολογιστές
|x Γλώσσα Προγραμματισμού (Lingo)
|
| 700 |
1 |
|
|a Σαμαράς, Γιάννης Β.
|
| 710 |
0 |
|
|a Γκιούρδας
|
| 942 |
|
|
|2 ddc
|c BK
|
| 952 |
|
|
|0 0
|1 0
|2 ddc
|4 0
|6 006_786900000000000_GRO
|7 0
|9 299813
|a LISK
|b LISK
|c BSC
|d 2021-01-17
|e 24
|f 0
|g 0.00
|l 0
|o 006.7869 GRO
|p 92410015819
|r 2021-01-17 00:00:00
|t 1
|w 2021-01-17
|y BK15
|x 20060523 0 1
|x GrPaTEI
|
| 999 |
|
|
|c 174326
|d 174326
|